| 000 | 00648nam a2200229 a 4500 | ||
|---|---|---|---|
| 999 |
_c627 _d627 |
||
| 005 | 20200104041513.0 | ||
| 008 | 140221b1992 ck ||||| |||| 00| 0 spa d | ||
| 040 |
_aCO-BoIAVH _cCO-BoIAVH |
||
| 041 | _aspa | ||
| 044 | _ack | ||
| 082 |
_aIND-I _b78 |
||
| 110 | 1 | _bInderena | |
| 245 | _aGuía del Sistema de Parques Nacionales de Colombia | ||
| 246 | _aguide to the National Natural parks system of Colombia | ||
| 250 | _a2 ed. | ||
| 260 |
_aBogotá _bInderena _c1992 |
||
| 300 | _a198 paginas | ||
| 650 | 6 |
_aParques Nacionales Naturales _zColombia |
|
| 650 | 6 | _aÁreas protegidas | |
| 662 | _aColombia | ||
| 942 |
_cLIBRO _2z |
||